000 00369pab a2200145 454500
008 180718b2000 xxu||||| |||| 00| 0 eng d
100 _aScott, Allen J.
245 _aEconomic geography: the great half century
260 _c2000
300 _ap.483-504
362 _aJul
650 _aEconomic geography
773 _aCambridge Journal of Economics
909 _a45653
999 _c45653
_d45653